<?xml version="1.0" encoding="UTF-8"?><?xml-stylesheet type="text/xsl" href="static/style.xsl"?><OAI-PMH xmlns="http://www.openarchives.org/OAI/2.0/" xmlns:xsi="http://www.w3.org/2001/XMLSchema-instance" xsi:schemaLocation="http://www.openarchives.org/OAI/2.0/ http://www.openarchives.org/OAI/2.0/OAI-PMH.xsd"><responseDate>2026-04-17T06:55:18Z</responseDate><request verb="GetRecord" identifier="oai:www.recercat.cat:2445/199004" metadataPrefix="marc">https://recercat.cat/oai/request</request><GetRecord><record><header><identifier>oai:recercat.cat:2445/199004</identifier><datestamp>2025-12-04T22:34:48Z</datestamp><setSpec>com_2072_1057</setSpec><setSpec>col_2072_478917</setSpec><setSpec>col_2072_478931</setSpec></header><metadata><record xmlns="http://www.loc.gov/MARC21/slim" xmlns:dcterms="http://purl.org/dc/terms/" xmlns:xsi="http://www.w3.org/2001/XMLSchema-instance" xmlns:doc="http://www.lyncode.com/xoai" xsi:schemaLocation="http://www.loc.gov/MARC21/slim http://www.loc.gov/standards/marcxml/schema/MARC21slim.xsd">
   <leader>00925njm 22002777a 4500</leader>
   <datafield ind2=" " ind1=" " tag="042">
      <subfield code="a">dc</subfield>
   </datafield>
   <datafield ind2=" " ind1=" " tag="720">
      <subfield code="a">Caldú i Ferrús, Xavier</subfield>
      <subfield code="e">author</subfield>
   </datafield>
   <datafield ind2=" " ind1=" " tag="720">
      <subfield code="a">Prats Soteras, Xavier</subfield>
      <subfield code="e">author</subfield>
   </datafield>
   <datafield ind2=" " ind1=" " tag="720">
      <subfield code="a">García-García, Isabel</subfield>
      <subfield code="e">author</subfield>
   </datafield>
   <datafield ind2=" " ind1=" " tag="720">
      <subfield code="a">Prunell Castañé, Anna</subfield>
      <subfield code="e">author</subfield>
   </datafield>
   <datafield ind2=" " ind1=" " tag="720">
      <subfield code="a">Sánchez-Garre, Consuelo</subfield>
      <subfield code="e">author</subfield>
   </datafield>
   <datafield ind2=" " ind1=" " tag="720">
      <subfield code="a">Cano Marco, Neus</subfield>
      <subfield code="e">author</subfield>
   </datafield>
   <datafield ind2=" " ind1=" " tag="720">
      <subfield code="a">Tor, Encarnació</subfield>
      <subfield code="e">author</subfield>
   </datafield>
   <datafield ind2=" " ind1=" " tag="720">
      <subfield code="a">Sender Palacios, María José</subfield>
      <subfield code="e">author</subfield>
   </datafield>
   <datafield ind2=" " ind1=" " tag="720">
      <subfield code="a">Ottino González, Jonatan</subfield>
      <subfield code="e">author</subfield>
   </datafield>
   <datafield ind2=" " ind1=" " tag="720">
      <subfield code="a">Garolera i Freixa, Maite</subfield>
      <subfield code="e">author</subfield>
   </datafield>
   <datafield ind2=" " ind1=" " tag="720">
      <subfield code="a">Jurado, Ma. Ángeles (María Ángeles)</subfield>
      <subfield code="e">author</subfield>
   </datafield>
   <datafield ind2=" " ind1=" " tag="260">
      <subfield code="c">2023-06-08T17:21:58Z</subfield>
   </datafield>
   <datafield ind2=" " ind1=" " tag="260">
      <subfield code="c">2024-05-23T05:10:16Z</subfield>
   </datafield>
   <datafield ind2=" " ind1=" " tag="260">
      <subfield code="c">2023-05-23</subfield>
   </datafield>
   <datafield ind2=" " ind1=" " tag="260">
      <subfield code="c">2023-06-08T17:21:58Z</subfield>
   </datafield>
   <datafield ind2=" " ind1=" " tag="520">
      <subfield code="a">Background: Excessive body weight has been related to lower cognitive performance. One of the mechanisms through which excess body weight may affect cognition is inflammation. Hypothesis: Our hypothesis is that both body mass index (BMI) and circulating levels of inflammatory biomarkers will be negatively related to cognitive performance. Design: Cross-sectional study. Setting: Users of the public health centres of the Consorci Sanitari de Terrassa (Terrassa, Spain) between 2010 and 2017 aged 12-21 years. Participants: One hundred and five adolescents (46 normoweight, 18 overweight, 41 obese). Measurements: Levels of high sensitivity C-reactive protein, interleukin 6, tumour necrosis factor α (TNFα) and fibrinogen were determined from blood samples. Cognitive performance was evaluated and six cognitive com posites were obtained: working memory, cognitive flexibility, inhibitory control, decision-making, verbal memory, and fine motor speed. A single multivariate general lineal model was used to assess the influence of the four inflammatory biomarkers, as well as participants' BMI, sex, and age on the 6 cognitive indexes. Results: An inverse relationship between BMI and inhibitory control (F = 5.688, p = .019; β = − 0.212, p = .031), verbal memory (F = 5.404, p = .022; β = − 0.255, p = .009) and fine motor speed (F = 9.038, p = .003; β = − 0.319, p = .001) was observed. Levels of TNFα and fibrinogen were inversely related to inhibitory control (F = 5.055, p = .027; β = − 0.226, p = .021) and verbal memory (F = 4.732, p = .032; β = − 0.274, p = .005), respectively. Limitations: The cross-sectional nature of the study, the use of cognitive tests designed for clinical purposes, and the use of BMI as a proxy for adiposity are limitations of our study that must be taken into account when interpreting results. Conclusions: Our data indicate that some components of executive functions, together with verbal memory, are sensitive to specific obesity-related inflammatory agents at early ages.</subfield>
   </datafield>
   <datafield tag="653" ind2=" " ind1=" ">
      <subfield code="a">Pes corporal</subfield>
   </datafield>
   <datafield tag="653" ind2=" " ind1=" ">
      <subfield code="a">Obesitat en els adolescents</subfield>
   </datafield>
   <datafield tag="653" ind2=" " ind1=" ">
      <subfield code="a">Inflamació</subfield>
   </datafield>
   <datafield tag="653" ind2=" " ind1=" ">
      <subfield code="a">Cognició</subfield>
   </datafield>
   <datafield tag="653" ind2=" " ind1=" ">
      <subfield code="a">Funcions executives (Neuropsicologia)</subfield>
   </datafield>
   <datafield tag="653" ind2=" " ind1=" ">
      <subfield code="a">Adolescents</subfield>
   </datafield>
   <datafield tag="653" ind2=" " ind1=" ">
      <subfield code="a">Body weight</subfield>
   </datafield>
   <datafield tag="653" ind2=" " ind1=" ">
      <subfield code="a">Obesity in adolescence</subfield>
   </datafield>
   <datafield tag="653" ind2=" " ind1=" ">
      <subfield code="a">Inflammation</subfield>
   </datafield>
   <datafield tag="653" ind2=" " ind1=" ">
      <subfield code="a">Cognition</subfield>
   </datafield>
   <datafield tag="653" ind2=" " ind1=" ">
      <subfield code="a">Executive functions (Neuropsychology)</subfield>
   </datafield>
   <datafield tag="653" ind2=" " ind1=" ">
      <subfield code="a">Teenagers</subfield>
   </datafield>
   <datafield ind2="0" ind1="0" tag="245">
      <subfield code="a">Body mass index, systemic inflammation and cognitive performance in adolescents: A cross-sectional study</subfield>
   </datafield>
</record></metadata></record></GetRecord></OAI-PMH>